[Event "FRA-ch opA U18"]
[Site "Calvi"]
[Date "2005.04.??"]
[Round "5"]
[White "Billon, Olivier"]
[Black "Lerat, Florent"]
[Result "1/2-1/2"]
[WhiteElo "1580"]
[BlackElo "1854"]
[PlyCount "107"]
[EventDate "2005.04.??"]
[EventType "swiss"]
[EventRounds "9"]
[EventCountry "FRA"]
[SourceTitle "EXT 2006"]
[Source "ChessBase"]
[SourceDate "2005.11.24"]
[SourceVersion "1"]
[SourceVersionDate "2005.11.24"]
[SourceQuality "1"]

1. e4 d6 2. d4 g6 3. Nc3 Bg7 4. Be3 Nf6 5. f3 c6 6. Qd2 0-0 7. 0-0-0 b5 8. g4 h5 9. gxh5 Nxh5 10. Bh3 Bxh3 11. Nxh3 Nd7 12. Bh6 c5 13. Bxg7 Kxg7 14. dxc5 Nxc5 15. Qd4+ Kg8 16. Rhg1 Ne6 17. Qf2 Qa5 18. Kb1 Rfc8 19. Nd5 Kf8 20. Qh4 Qd8 21. f4 Nc7 22. Nxc7 Qxc7 23. Rd2 Ke8 24. f5 Kd7 25. fxg6 fxg6 26. Qg4+ Kc6 27. Qxg6 Nf6 28. Qg2 Rg8 29. Qf3 Kb6 30. Rxg8 Rxg8 31. Qe3+ Kb7 32. Qd3 Qc6 33. Re2 Rg4 34. c3 Rxe4 35. Rxe4 Nxe4 36. Nf4 Nf2 37. Qd5 Qxd5 38. Nxd5 e6 39. Ne3 Nh3 40. Kc2 Kc6 41. b4 e5 42. Kd3 d5 43. a3 Nf4+ 44. Kd2 d4 45. cxd4 exd4 46. Nf5 Kd5 47. Ne7+ Kc4 48. Nc6 a6 49. Na5+ Kd5 50. h4 Ke4 51. Nc6 Kd5 52. Na5 Kd6 53. Nb3 Kd5 54. Na5 1/2-1/2

[Event "FRA-ch opA U18"]
[Site "Calvi"]
[Date "2005.04.??"]
[Round "3"]
[White "Chauffert, Pierre"]
[Black "Lerat, Florent"]
[Result "0-1"]
[WhiteElo "1590"]
[BlackElo "1854"]
[PlyCount "82"]
[EventDate "2005.04.??"]
[EventType "swiss"]
[EventRounds "9"]
[EventCountry "FRA"]
[SourceTitle "EXT 2006"]
[Source "ChessBase"]
[SourceDate "2005.11.24"]
[SourceVersion "1"]
[SourceVersionDate "2005.11.24"]
[SourceQuality "1"]

1. e4 d6 2. d4 g6 3. Nc3 Bg7 4. Nf3 c6 5. Bc4 Nf6 6. d5 0-0 7. h3 b5 8. Bd3 b4 9. Ne2 cxd5 10. exd5 Ba6 11. Bxa6 Nxa6 12. 0-0 Nc5 13. Be3 Nfd7 14. c3 bxc3 15. bxc3 Qa5 16. Bd2 Ne4 17. Qc2 Nxd2 18. Nxd2 Qxd5 19. c4 Qe6 20. Rae1 Nc5 21. Nf4 Qd7 22. Nd5 e6 23. Nb4 Rab8 24. a3 a5 25. Nd3 Qc6 26. Nxc5 Qxc5 27. Qd3 Rfd8 28. Ne4 Qc6 29. Rd1 d5 30. cxd5 exd5 31. Rc1 Qb6 32. Nc5 Bf8 33. Na6 Qb3 34. Qxb3 Rxb3 35. a4 d4 36. Rfd1 d3 37. Rd2 Bh6 38. Rxd3 Rbxd3 39. Rc5 R3d5 40. Rxd5 Rxd5 41. Nc7 Rd4 0-1

[Event "Nogent le Retrou op"]
[Site "Nogent le Retrou "]
[Date "2005.03.26"]
[Round "3"]
[White "Raffeneau, Baptiste"]
[Black "Lerat, Florent"]
[Result "0-1"]
[WhiteElo "1700"]
[BlackElo "1820"]
[PlyCount "54"]
[EventDate "2005.03.25"]
[EventType "swiss"]
[EventRounds "9"]
[EventCountry "FRA"]
[SourceTitle "EXT 2007"]
[Source "ChessBase"]
[SourceDate "2006.11.23"]
[SourceVersion "1"]
[SourceVersionDate "2006.11.23"]
[SourceQuality "1"]

1. e4 d6 2. d4 g6 3. Nf3 Bg7 4. Be3 Nf6 5. Nc3 Bg4 6. Be2 Nbd7 7. 0-0 Bxf3 8. Bxf3 e5 9. dxe5 Nxe5 10. Bf4 Nfd7 11. Bg4 0-0 12. Bxe5 Nxe5 13. f4 Nxg4 14. Qxg4 f5 15. Qf3 c6 16. Rad1 Qb6+ 17. Kh1 Qxb2 18. Ne2 Qxc2 19. Ng3 fxe4 20. Nxe4 d5 21. Rf2 Qxe4 22. Qb3 Rxf4 23. Rxf4 Qxf4 24. Qxb7 Rf8 25. h3 Be5 26. g3 Qf3+ 27. Kh2 Qxg3+ 0-1

[Event "Orleans op"]
[Site "Orleans"]
[Date "2004.??.??"]
[Round "4"]
[White "Lerat, Florent"]
[Black "Beneteau, Hubert"]
[Result "1/2-1/2"]
[WhiteElo "1700"]
[BlackElo "2101"]
[PlyCount "127"]
[EventDate "2004.12.??"]
[EventType "swiss"]
[EventRounds "9"]
[EventCountry "FRA"]
[SourceTitle "EXT 2007"]
[Source "ChessBase"]
[SourceDate "2006.11.23"]
[SourceVersion "1"]
[SourceVersionDate "2006.11.23"]
[SourceQuality "1"]

1. e4 c5 2. g3 d5 3. Bg2 dxe4 4. Bxe4 Nf6 5. Bg2 Nc6 6. Nc3 Bf5 7. d3 e6 8. Nge2 Qd7 9. Bg5 Be7 10. Rb1 h6 11. Be3 Rc8 12. Ne4 b6 13. 0-0 0-0 14. Qd2 Ng4 15. f4 Nxe3 16. Qxe3 Nb4 17. Qd2 Rfd8 18. Rfd1 Nd5 19. a3 Nf6 20. Nf2 Qc7 21. Qe3 Ng4 22. Nxg4 Bxg4 23. c3 b5 24. Bf3 Bxf3 25. Qxf3 b4 26. axb4 cxb4 27. d4 a5 28. Ra1 Ra8 29. Ra4 Qc4 30. Rda1 Qb3 31. Rxa5 Rxa5 32. Rxa5 Qxb2 33. cxb4 Qxb4 34. Ra8 Rxa8 35. Qxa8+ Kh7 36. Qe4+ g6 37. Kf2 Kg7 38. Qe3 Bf6 39. h3 Qb1 40. g4 g5 41. fxg5 Bxg5 42. Qf3 Qd1 43. Qe4 Bf6 44. Qe3 Qh1 45. Ng1 Qh2+ 46. Kf1 Qh1 47. Qf3 Qh2 48. Ne2 Qd6 49. Qe3 Bg5 50. Qe5+ Qxe5 51. dxe5 Kg6 52. Kg2 h5 53. Kf3 Bd8 54. Nf4+ Kg5 55. Nxh5 Kh4 56. Nf4 Ba5 57. Ke4 Bd2 58. Kf3 Bxf4 59. Kxf4 Kxh3 60. Kf3 Kh2 61. Kf2 Kh3 62. Kf3 Kh4 63. Kf4 Kh3 64. Kf3 1/2-1/2